000 00302nam a22001337a 4500
008 170619b xxu||||| |||| 00| 0 eng d
020 _a0813302838
041 _aeng
080 _a94(100)
100 _a16
101 _aSHH
245 _aTHE IMPERIALIST REVOLUTIONARIES
_cWATSON,H.S
942 _2udc
_cBK
999 _c18127
_d18127